000 01579cam a22003974a 4500
001 15950307
003 OSt
005 20140310182512.0
008 091015s2011 mdua b 001 0 eng
010 _a 2009043714
016 7 _a101517439
_2DNLM
020 _a9781451112818
035 _a(OCoLC)ocn458577846
040 _aDNLM/DLC
_cDLC
_dYDX
_dBTCTA
_dNLM
_dYDXCP
_dBWX
_dDLC
042 _apcc
050 0 0 _aRS 403
_b.T43 2011
245 0 0 _aWilson and Gisvold's textbook of organic medicinal and pharmaceutical chemistry.
246 3 0 _aTextbook of organic medicinal and pharmaceutical chemistry
246 3 0 _aOrganic medicinal and pharmaceutical chemistry
250 _a12th ed. /
_bedited by John M. Beale, Jr., John H. Block.
260 _aBaltimore, MD :
_bLippincott Williams & Wilkins,
_cc2011.
300 _ax, 1010 p. :
_bill. ;
_c29 cm.
650 0 _aPharmaceutical chemistry.
_97643
650 0 _aChemistry, Organic.
_97644
650 1 2 _aChemistry, Pharmaceutical.
_97297
650 2 2 _aChemistry, Organic.
_97645
700 1 _aWilson, Charles Owens,
_d1911-
_97646
700 1 _aBeale, John Marlowe.
_97647
700 1 _aBlock, John H.
_97648
856 4 2 _3Publisher description
_uhttp://www.loc.gov/catdir/enhancements/fy1013/2009043714-d.html
856 4 1 _3Table of contents only
_uhttp://www.loc.gov/catdir/enhancements/fy1013/2009043714-t.html
906 _a7
_bcbc
_corignew
_d1
_eecip
_f20
_gy-gencatlg
942 _2lcc
_cSSLC
999 _c13925
_d13925